[Event "Madrid-ch Previa B"]
[Site "Madrid"]
[Date "2023.02.18"]
[Round "7.20"]
[White "Mosteiro Montoro, Alvaro"]
[Black "De Juan Rivas, Antonio"]
[Result "1-0"]
[WhiteElo "1506"]
[BlackElo "1406"]
[PlyCount "37"]
[EventDate "2023.02.02"]
[EventType "swiss"]
[EventRounds "9"]
[EventCountry "ESP"]
[SourceTitle "EXT 2024"]
[Source "ChessBase"]
[SourceDate "2023.10.10"]
[SourceVersion "1"]
[SourceVersionDate "2023.10.10"]
[SourceQuality "1"]

1. d4 f5 2. Nf3 Nf6 3. c4 d6 4. Bg5 e6 5. e3 Be7 6. Nc3 0-0 7. h3 c6 8. Bd3 Qe8 9. 0-0 h6 10. Bh4 Nbd7 11. e4 Nh5 12. Bxe7 Qxe7 13. e5 Nf4 14. exd6 Qxd6 15. Be2 Rf6 16. c5 Qe7 17. Qd2 e5 18. dxe5 Qxe5 19. Nxe5 1-0

[Event "Madrid-ch Previa B"]
[Site "Madrid"]
[Date "2023.02.11"]
[Round "5.22"]
[White "Mosteiro Montoro, Alvaro"]
[Black "Lopez Martin, Israel"]
[Result "1-0"]
[WhiteElo "1506"]
[BlackElo "1351"]
[PlyCount "111"]
[EventDate "2023.02.02"]
[EventType "swiss"]
[EventRounds "9"]
[EventCountry "ESP"]
[SourceTitle "EXT 2024"]
[Source "ChessBase"]
[SourceDate "2023.10.10"]
[SourceVersion "1"]
[SourceVersionDate "2023.10.10"]
[SourceQuality "1"]

1. d4 d5 2. Nf3 e6 3. e3 Nf6 4. Bd3 c5 5. c3 cxd4 6. exd4 Bd6 7. Bg5 Nbd7 8. Nbd2 Qc7 9. 0-0 Ng4 10. h3 Ngf6 11. Re1 0-0 12. Qc2 h6 13. Be3 e5 14. dxe5 Nxe5 15. Nxe5 Bxe5 16. Nf3 Bf4 17. Bd4 Bd7 18. Ne5 Be6 19. Bf5 Rae8 20. Bxe6 Rxe6 21. Nf3 Ne4 22. Re2 Rfe8 23. Rae1 Qe7 24. Be3 Bxe3 25. Rxe3 Qc5 26. b4 Qc4 27. Rd1 Ra6 28. a4 Rc6 29. Rd4 Qa6 30. b5 Qb6 31. bxc6 Qxc6 32. c4 Nf6 33. Rxe8+ Qxe8 34. cxd5 Qd7 35. Ne5 Qd6 36. Qc8+ Kh7 37. Nxf7 Qe7 38. Qe6 Qc5 39. Rd1 Qc2 40. Rd4 Qc1+ 41. Kh2 Qc5 42. Qf5+ Kg8 43. Nxh6+ Kf8 44. Rd3 Qd6+ 45. g3 gxh6 46. Rf3 Kg7 47. Rf4 a6 48. h4 b5 49. axb5 axb5 50. Kh3 b4 51. Qe6 Qf8 52. d6 Qa8 53. Qxf6+ Kh7 54. Qf7+ Kh8 55. Qf8+ Qxf8 56. Rxf8+ 1-0

[Event "Madrid-ch Previa B"]
[Site "Madrid"]
[Date "2023.02.02"]
[Round "1.6"]
[White "Mosteiro Montoro, Alvaro"]
[Black "Lazaro Azcutia, Miguel"]
[Result "0-1"]
[WhiteElo "1506"]
[BlackElo "1953"]
[PlyCount "102"]
[EventDate "2023.02.02"]
[EventType "swiss"]
[EventRounds "9"]
[EventCountry "ESP"]
[SourceTitle "EXT 2024"]
[Source "ChessBase"]
[SourceDate "2023.10.10"]
[SourceVersion "1"]
[SourceVersionDate "2023.10.10"]
[SourceQuality "1"]

1. d4 d5 2. Nf3 Nf6 3. c4 e6 4. Nc3 Be7 5. e3 0-0 6. Bd3 Nbd7 7. 0-0 dxc4 8. Bxc4 a6 9. a3 b5 10. Bd3 c5 11. dxc5 Nxc5 12. Bc2 Bb7 13. b4 Ncd7 14. Bb2 Nb6 15. Nd2 Rc8 16. Rc1 Rc7 17. Qe2 Qa8 18. f3 Rfc8 19. Bb1 Ne8 20. Be4 Nd6 21. Bxb7 Qxb7 22. Nce4 Ndc4 23. Nxc4 Nxc4 24. Rfd1 a5 25. bxa5 Qa7 26. Bd4 Qxa5 27. Kf2 Nxa3 28. Rxc7 Qxc7 29. g3 b4 30. Qa6 h6 31. Rd2 Rd8 32. Ke2 e5 33. Bb6 Rxd2+ 34. Nxd2 Qc2 35. Qd3 Qc6 36. Bd8 Bf8 37. e4 h5 38. Bg5 Nb5 39. Be3 Nc3+ 40. Kf1 Qa4 41. Kg2 Qd1 42. Qf1 Qc2 43. Qc4 Qb2 44. Qb3 Qa1 45. Kh3 Qe1 46. Nc4 Qf1+ 47. Kh4 Qxf3 48. Nxe5 Qf6+ 49. Kxh5 Qxe5+ 50. Kg4 Qxe4+ 51. Bf4 Qe6+ 0-1

[Event "Madrid-ch Previa-B"]
[Site "Madrid"]
[Date "2020.02.21"]
[Round "6"]
[White "Rojas Fernandez, Antonio"]
[Black "Mosteiro Montoro, Alvaro"]
[Result "1/2-1/2"]
[WhiteElo "1409"]
[BlackElo "1477"]
[PlyCount "147"]
[EventDate "2020.02.06"]
[EventType "swiss"]
[EventRounds "9"]
[EventCountry "ESP"]
[SourceTitle "CBM 195 Extra"]
[Source "ChessBase"]
[SourceDate "2020.05.31"]
[SourceVersion "1"]
[SourceVersionDate "2020.05.31"]
[SourceQuality "1"]

1. e4 c5 2. Nf3 Nc6 3. d4 cxd4 4. Nxd4 e5 5. Nb5 d6 6. N1c3 a6 7. Na3 b5 8. Nd5 Nf6 9. f3 Be6 10. Be3 Bxd5 11. exd5 Ne7 12. c4 bxc4 13. Bxc4 Nf5 14. Qd3 Nxe3 15. Qxe3 Qa5+ 16. Qd2 Qxd2+ 17. Kxd2 Be7 18. Rac1 0-0 19. Rc2 Nd7 20. Rhc1 Bg5+ 21. Ke2 Bxc1 22. Rxc1 Rfc8 23. Kd2 Nc5 24. b3 Nd7 25. Nc2 a5 26. a4 Nc5 27. Na3 e4 28. Nb5 exf3 29. gxf3 Ra6 30. Re1 Kf8 31. Nd4 Rb6 32. Bb5 g6 33. Re3 Na6 34. Nc6 Nb4 35. Nxa5 Nxd5 36. Nc4 Rxc4 37. Re8+ Kg7 38. Bxc4 Nf6 39. Rd8 d5 40. Bxd5 Nxd5 41. Rxd5 Rxb3 42. Ke2 Ra3 43. a5 Ra2+ 44. Rd2 Rxa5 45. Kf2 Kh6 46. Rb2 Rf5 47. Rb4 Kg5 48. Rg4+ Kf6 49. Rb4 h5 50. Rb6+ Kg5 51. Rb4 Rf4 52. Rb5+ Kh4 53. Kg2 g5 54. h3 f5 55. Rb8 Rc4 56. Rb2 g4 57. hxg4 hxg4 58. fxg4 Kxg4 59. Kf2 Re4 60. Rb3 Rf4+ 61. Kg2 Ra4 62. Rb2 Ra3 63. Rb4+ f4 64. Rb2 Rd3 65. Ra2 Rg3+ 66. Kf2 Kh3 67. Ra8 Rc3 68. Rh8+ Kg4 69. Rg8+ Kf5 70. Rf8+ Ke4 71. Re8+ Kd5 72. Rf8 Ke4 73. Re8+ Kd3 74. Rf8 1/2-1/2

[Event "Madrid-ch Previa-B"]
[Site "Madrid"]
[Date "2020.02.08"]
[Round "3"]
[White "Mosteiro Montoro, Alvaro"]
[Black "Moreno Torrero, Javier"]
[Result "0-1"]
[WhiteElo "1477"]
[BlackElo "1918"]
[PlyCount "44"]
[EventDate "2020.02.06"]
[EventType "swiss"]
[EventRounds "9"]
[EventCountry "ESP"]
[SourceTitle "CBM 195 Extra"]
[Source "ChessBase"]
[SourceDate "2020.05.31"]
[SourceVersion "1"]
[SourceVersionDate "2020.05.31"]
[SourceQuality "1"]

1. d4 Nf6 2. c4 e6 3. Nc3 Bb4 4. Qc2 c5 5. e3 Nc6 6. Nf3 0-0 7. Bd3 d5 8. Bd2 cxd4 9. exd4 dxc4 10. Bxc4 Nxd4 11. Nxd4 Qxd4 12. Bd3 b6 13. a3 Qe5+ 14. Ne2 Bxd2+ 15. Qxd2 Bb7 16. 0-0 Rfd8 17. Rad1 Be4 18. Qe3 Ng4 19. Qf4 Bxd3 20. Qxg4 Bxe2 21. Rxd8+ Rxd8 22. Qh4 g5 0-1

[Event "Madrid-ch Previa-B"]
[Site "Madrid"]
[Date "2020.02.07"]
[Round "2"]
[White "Mosteiro Montoro, Alvaro"]
[Black "Rojas Pozo, Jose Luis"]
[Result "1/2-1/2"]
[WhiteElo "1477"]
[BlackElo "1938"]
[PlyCount "69"]
[EventDate "2020.02.06"]
[EventType "swiss"]
[EventRounds "9"]
[EventCountry "ESP"]
[SourceTitle "CBM 195 Extra"]
[Source "ChessBase"]
[SourceDate "2020.05.31"]
[SourceVersion "1"]
[SourceVersionDate "2020.05.31"]
[SourceQuality "1"]

1. d4 Nf6 2. Nf3 e6 3. c4 b6 4. Nc3 Ba6 5. e4 Bb4 6. Bd3 Bb7 7. Qc2 c5 8. a3 Bxc3+ 9. bxc3 d6 10. h3 Nc6 11. Bg5 e5 12. d5 Na5 13. 0-0 0-0 14. Nd2 h6 15. Bh4 g5 16. Bg3 Nh5 17. Be2 Nf4 18. Bxf4 gxf4 19. Bg4 Bc8 20. Qd1 Qg5 21. Bxc8 Raxc8 22. Qf3 Kh8 23. Kh2 Rg8 24. Rg1 Rg7 25. Ra2 Rcg8 26. g4 Qh4 27. Raa1 Qe7 28. Rg2 Qd7 29. a4 h5 30. g5 Rxg5 31. Rxg5 Rxg5 32. Rg1 Rxg1 33. Qxh5+ Kg8 34. Kxg1 Qe7 35. Qg4+ 1/2-1/2

[Event "Madrid San Viator op-A 26th"]
[Site "Madrid"]
[Date "2016.05.29"]
[Round "8"]
[White "Blasco Gallardo, Francisco"]
[Black "Mosteiro Montoro, Alvaro"]
[Result "0-1"]
[WhiteElo "1421"]
[BlackElo "1533"]
[PlyCount "90"]
[EventDate "2016.04.03"]
[EventType "swiss"]
[EventRounds "9"]
[EventCountry "ESP"]
[SourceTitle "EXT 2017"]
[Source "ChessBase"]
[SourceDate "2016.10.25"]
[SourceVersion "1"]
[SourceVersionDate "2016.10.25"]
[SourceQuality "1"]

1. d4 d5 2. Bf4 Nf6 3. e3 e6 4. Nf3 Bd6 5. Ne5 0-0 6. Bd3 Nbd7 7. Nd2 c5 8. c3 cxd4 9. exd4 Qc7 10. Ndf3 h6 11. Rc1 Nh5 12. Bg3 Nxg3 13. hxg3 Bxe5 14. dxe5 Nxe5 15. Bb1 Nxf3+ 16. Qxf3 Qe5+ 17. Kf1 Qg5 18. Rd1 e5 19. Rh4 e4 20. Qe2 Be6 21. Rf4 a6 22. Qe3 Bg4 23. Rd4 Be6 24. Bc2 Bd7 25. Bd1 Bb5+ 26. Ke1 Rad8 27. Be2 Bxe2 28. Qxe2 e3 29. Qf3 exf2+ 30. Kxf2 Qg6 31. Rf5 Qb6 32. Qe2 Rfe8 33. Qd2 Re4 34. Rf4 Rxd4 35. Rxd4 Re8 36. Kf3 Qf6+ 37. Rf4 Qg5 38. Kf2 Re4 39. a3 b5 40. b4 h5 41. Kf3 g6 42. Qc1 Qe7 43. Qd2 Re1 44. Kf2 Re5 45. Kf3 g5 0-1

[Event "Madrid San Viator op 24th"]
[Site "Madrid"]
[Date "2015.05.17"]
[Round "7"]
[White "Mosteiro Montoro, Alvaro"]
[Black "Del Noval Nemeshazi, Mario"]
[Result "1/2-1/2"]
[WhiteElo "1591"]
[BlackElo "1275"]
[PlyCount "84"]
[EventDate "2015.03.22"]
[EventType "swiss"]
[EventRounds "9"]
[EventCountry "ESP"]
[SourceTitle "EXT 2016"]
[Source "ChessBase"]
[SourceDate "2015.10.08"]
[SourceVersion "1"]
[SourceVersionDate "2015.10.08"]
[SourceQuality "1"]

1. d4 Nf6 2. c4 g6 3. Nc3 Bg7 4. e4 d6 5. Nf3 Nbd7 6. h3 0-0 7. Bd3 Re8 8. b4 c5 9. bxc5 dxc5 10. d5 Nxe4 11. Nxe4 Bxa1 12. Bh6 Bg7 13. Qd2 Nf6 14. 0-0 e6 15. Nxc5 exd5 16. Bg5 dxc4 17. Bxc4 Qxd2 18. Nxd2 Be6 19. Bxe6 fxe6 20. Nxb7 Rab8 21. Nd6 Red8 22. N2c4 Rb4 23. a3 Ra4 24. Rb1 Kf8 25. Nb7 Rb8 26. Ncd6 Rxa3 27. Be3 Ra6 28. Bc5 Nd7 29. Ne4+ Kg8 30. Bd6 Rxd6 31. Nexd6 Nc5 32. Rb5 Nxb7 33. Rxb7 Rxb7 34. Nxb7 Kf7 35. Kf1 Ke7 36. Ke2 Bd4 37. f3 Bb6 38. Kd3 Kd7 39. Kc4 Kc7 40. Nc5 Bxc5 41. Kxc5 a6 42. g3 e5 1/2-1/2

[Event "Madrid San Viator op 23rd"]
[Site "Madrid"]
[Date "2014.10.26"]
[Round "5"]
[White "Rosa Ramirez, Victor Diego"]
[Black "Mosteiro Montoro, Alvaro"]
[Result "0-1"]
[WhiteElo "2023"]
[BlackElo "1586"]
[PlyCount "56"]
[EventDate "2014.09.28"]
[EventType "swiss"]
[EventRounds "9"]
[EventCountry "ESP"]
[SourceTitle "EXT 2016"]
[Source "ChessBase"]
[SourceDate "2015.10.08"]
[SourceVersion "1"]
[SourceVersionDate "2015.10.08"]
[SourceQuality "1"]

1. e4 c5 2. c3 Nc6 3. d4 d6 4. Be3 cxd4 5. cxd4 Nf6 6. Nc3 e6 7. Bd3 Be7 8. Nge2 Bd7 9. 0-0 0-0 10. Ng3 a6 11. Kh1 b5 12. f4 b4 13. Na4 e5 14. fxe5 dxe5 15. d5 Nd4 16. b3 Nb5 17. Bxb5 Bxb5 18. Rf5 Bxa4 19. bxa4 Nd7 20. Rc1 Rc8 21. Rf2 Nf6 22. Rfc2 Rxc2 23. Qxc2 Ng4 24. Bg1 Bg5 25. Rd1 Be3 26. Nf1 Bxg1 27. Kxg1 Qb6+ 28. Ne3 Qxe3+ 0-1

[Event "Madrid San Viator op 23rd"]
[Site "Madrid"]
[Date "2014.10.12"]
[Round "3"]
[White "Munoz Cebey, Ricardo"]
[Black "Mosteiro Montoro, Alvaro"]
[Result "1-0"]
[WhiteElo "1779"]
[BlackElo "1586"]
[PlyCount "105"]
[EventDate "2014.09.28"]
[EventType "swiss"]
[EventRounds "9"]
[EventCountry "ESP"]
[SourceTitle "EXT 2016"]
[Source "ChessBase"]
[SourceDate "2015.10.08"]
[SourceVersion "1"]
[SourceVersionDate "2015.10.08"]
[SourceQuality "1"]

1. c4 c6 2. Nf3 d5 3. b3 Nf6 4. g3 g6 5. Bb2 Bg7 6. Bg2 0-0 7. 0-0 Nbd7 8. e3 Re8 9. cxd5 cxd5 10. d4 Ne4 11. Nc3 Nxc3 12. Bxc3 Nf6 13. Rc1 Bg4 14. h3 Bd7 15. Ne5 e6 16. Qd3 a6 17. Nxd7 Nxd7 18. Rc2 Nf6 19. Rfc1 Qd7 20. Ba5 b5 21. Rc7 Qd6 22. Qd2 Bf8 23. b4 Ne4 24. Qd3 Bg7 25. R1c6 Qf8 26. Bxe4 dxe4 27. Qxe4 Rec8 28. Rxc8 Rxc8 29. Rxa6 Qe8 30. Ra7 e5 31. dxe5 Bxe5 32. Bb6 Qe6 33. Bc5 Re8 34. Ra8 Rxa8 35. Qxa8+ Kg7 36. Kg2 h5 37. h4 Qc4 38. Kf3 Qg4+ 39. Kg2 Qc4 40. e4 Bf6 41. Bf8+ Kh7 42. Qd5 Kg8 43. Bc5 Bc3 44. Kf3 Bb2 45. Qxc4 bxc4 46. Ke2 f6 47. a4 Kf7 48. a5 Be5 49. a6 Bb8 50. a7 Bxa7 51. Bxa7 Ke7 52. Kd2 Kd7 53. Kc3 1-0

[Event "Madrid-ch"]
[Site "Madrid"]
[Date "2014.03.01"]
[Round "9"]
[White "Melcon Mediavilla, Rodrigo"]
[Black "Mosteiro Montoro, Alvaro"]
[Result "1-0"]
[WhiteElo "1446"]
[BlackElo "1654"]
[PlyCount "57"]
[EventDate "2014.02.06"]
[EventType "swiss"]
[EventRounds "9"]
[EventCountry "ESP"]
[SourceTitle "CBM 159 Extra"]
[Source "ChessBase"]
[SourceDate "2014.04.24"]
[SourceVersion "1"]
[SourceVersionDate "2014.04.24"]
[SourceQuality "1"]

1. e4 c5 2. Nf3 Nc6 3. d4 cxd4 4. Nxd4 Nf6 5. Nc3 e6 6. Bg5 a6 7. Nf3 Be7 8. Be2 d6 9. 0-0 0-0 10. h3 b5 11. a3 Bb7 12. Re1 Ne8 13. Qd2 Nd4 14. Bxe7 Nxf3+ 15. Bxf3 Qxe7 16. a4 b4 17. Ne2 a5 18. c3 bxc3 19. Qxc3 Nf6 20. Nd4 Rfc8 21. Qd3 Nd7 22. Nb5 Ra6 23. Rad1 Ne5 24. Qa3 Rd8 25. Kh2 Nxf3+ 26. Qxf3 d5 27. exd5 Bxd5 28. Rxd5 Rxd5 29. Qxd5 1-0

[Event "Madrid-ch"]
[Site "Madrid"]
[Date "2014.02.21"]
[Round "6"]
[White "Rottenwohrer Suarez, Juan"]
[Black "Mosteiro Montoro, Alvaro"]
[Result "1-0"]
[WhiteElo "1456"]
[BlackElo "1654"]
[PlyCount "39"]
[EventDate "2014.02.06"]
[EventType "swiss"]
[EventRounds "9"]
[EventCountry "ESP"]
[SourceTitle "CBM 159 Extra"]
[Source "ChessBase"]
[SourceDate "2014.04.24"]
[SourceVersion "1"]
[SourceVersionDate "2014.04.24"]
[SourceQuality "1"]

1. d4 d5 2. c4 c6 3. Nf3 g6 4. Nc3 Bg7 5. Bf4 Nf6 6. cxd5 cxd5 7. e3 0-0 8. Bd3 Bg4 9. 0-0 Nbd7 10. h3 Bxf3 11. Qxf3 e6 12. Bd6 Re8 13. Nb5 Qb6 14. Bc7 Qa6 15. Qe2 b6 16. Nd6 Qa5 17. a3 Qa4 18. Rfc1 e5 19. Bb5 Qb3 20. Rc3 1-0

[Event "Madrid-ch Previa-B"]
[Site "Madrid"]
[Date "2013.02.22"]
[Round "8"]
[White "Mosteiro Montoro, Alvaro"]
[Black "Largo Barbero, Benito"]
[Result "1-0"]
[WhiteElo "1674"]
[BlackElo "1916"]
[PlyCount "137"]
[EventDate "2013.02.01"]
[EventType "swiss"]
[EventRounds "9"]
[EventCountry "ESP"]
[SourceTitle "CBM 152 Extra"]
[Source "ChessBase"]
[SourceDate "2013.02.25"]
[SourceVersion "1"]
[SourceVersionDate "2013.02.25"]
[SourceQuality "1"]

1. d4 Nf6 2. c4 Nc6 3. Nf3 e6 4. Nc3 Ne7 5. e4 d5 6. e5 Nd7 7. cxd5 Nxd5 8. Bd3 a6 9. a3 Be7 10. Qc2 Nf8 11. 0-0 Bd7 12. Bd2 Bc6 13. Be4 Rc8 14. b4 Ng6 15. g3 Qd7 16. Rac1 Nxc3 17. Bxc3 Bxe4 18. Qxe4 c6 19. h4 Bd8 20. Nd2 Ne7 21. Nc4 Bc7 22. Bd2 Rd8 23. Be3 Qd5 24. Nd2 Nf5 25. Qxd5 Rxd5 26. Nf3 Bb6 27. Rfd1 0-0 28. g4 Ne7 29. Ng5 Rfd8 30. Nf3 h6 31. Rc4 Ng6 32. Rd2 Ne7 33. Kf1 a5 34. Ke2 axb4 35. axb4 Ra8 36. Rb2 Rb5 37. Ne1 Nd5 38. Nd3 Ra3 39. Bd2 Ba7 40. f4 Nb6 41. Rcc2 Nc8 42. Ra2 Rxa2 43. Rxa2 Kh7 44. Nc5 h5 45. gxh5 b6 46. Ne4 Rd5 47. Be3 Rd7 48. Rc2 Ne7 49. Ng3 b5 50. Ne4 Nd5 51. Rxc6 Nxe3 52. Kxe3 Rxd4 53. Ng5+ Kh6 54. Nxf7+ Kxh5 55. Kf3 Kg6 56. Ng5 Kh5 57. Nxe6 Rd3+ 58. Ke4 Re3+ 59. Kf5 g6+ 60. Kf6 Kxh4 61. Rc7 Ra3 62. Rb7 Be3 63. Kxg6 Bd2 64. Rxb5 Rg3+ 65. Kf5 Rb3 66. Nd4 Rd3 67. Ne6 Kh5 68. Rb8 Kh4 69. b5 1-0

[Event "Madrid-ch prel-B"]
[Site "Madrid"]
[Date "2012.02.25"]
[Round "9.14"]
[White "Mosteiro Montoro, Alvaro"]
[Black "Benitez Cadenas, Luis Miguel"]
[Result "1/2-1/2"]
[WhiteElo "1717"]
[BlackElo "1730"]
[PlyCount "113"]
[EventDate "2012.02.02"]
[EventType "swiss"]
[EventRounds "9"]
[EventCountry "ESP"]
[SourceTitle "EXT 2024"]
[Source "ChessBase"]
[SourceDate "2023.10.10"]
[SourceVersion "1"]
[SourceVersionDate "2023.10.10"]
[SourceQuality "1"]

1. d4 Nf6 2. c4 g6 3. Nc3 d5 4. Nf3 Bg7 5. e3 0-0 6. Bd3 dxc4 7. Bxc4 c5 8. d5 a6 9. a4 Nbd7 10. 0-0 Nb6 11. Ba2 Bf5 12. a5 Nc8 13. Bc4 Nd6 14. Bd3 Bg4 15. h3 Bd7 16. e4 Nfe8 17. Be3 Rc8 18. Qd2 e6 19. e5 Nb5 20. d6 f6 21. exf6 Nxf6 22. Bxb5 Bxb5 23. Nxb5 axb5 24. Bg5 Ne4 25. Bxd8 Nxd2 26. Nxd2 Rfxd8 27. Ne4 Be5 28. Rfd1 Rc6 29. d7 Bd4 30. Rab1 b4 31. b3 Rxd7 32. Nf6+ Bxf6 33. Rxd7 Ra6 34. Rxb7 Rxa5 35. Rb6 Bd4 36. Rxe6 Ra2 37. Kh2 Rxf2 38. Kg3 Rf8 39. Re7 Bc3 40. Re2 Rc8 41. Rc1 c4 42. Rxc3 bxc3 43. bxc4 Rxc4 44. Rc2 Kf7 45. Kf3 Ke6 46. Ke3 Ke5 47. Kd3 Kd5 48. Rxc3 Rxc3+ 49. Kxc3 Ke4 50. Kd2 Kf4 51. Ke2 Kg3 52. Kf1 h6 53. Kg1 h5 54. Kf1 g5 55. Kg1 g4 56. hxg4 hxg4 57. Kf1 1/2-1/2

[Event "Madrid-ch prel-B"]
[Site "Madrid"]
[Date "2012.02.10"]
[Round "4.11"]
[White "Merino Araguas, Jose Javier"]
[Black "Mosteiro Montoro, Alvaro"]
[Result "1-0"]
[WhiteElo "1842"]
[BlackElo "1717"]
[PlyCount "51"]
[EventDate "2012.02.02"]
[EventType "swiss"]
[EventRounds "9"]
[EventCountry "ESP"]
[SourceTitle "EXT 2024"]
[Source "ChessBase"]
[SourceDate "2023.10.10"]
[SourceVersion "1"]
[SourceVersionDate "2023.10.10"]
[SourceQuality "1"]

1. d4 d5 2. Nf3 g6 3. c4 Bg7 4. cxd5 Qxd5 5. Nc3 Qd8 6. Bf4 c6 7. e3 Bg4 8. Qb3 Bxf3 9. Qxb7 Nd7 10. gxf3 e5 11. Bxe5 Bxe5 12. dxe5 Nxe5 13. Rd1 Qc8 14. Qxc8+ Rxc8 15. f4 Nd7 16. Bg2 Ne7 17. Ne4 Rc7 18. Nd6+ Kf8 19. 0-0 Nc5 20. b4 Na4 21. Rc1 Kg7 22. Rfd1 a6 23. Rd2 Rb8 24. a3 Nb6 25. Bf3 Nbc8 26. Ne8+ 1-0

[Event "Madrid-ch prel-B"]
[Site "Madrid"]
[Date "2012.02.02"]
[Round "1.3"]
[White "Mosteiro Montoro, Alvaro"]
[Black "Lopez Garralon, Miguel"]
[Result "1/2-1/2"]
[WhiteElo "1717"]
[BlackElo "1928"]
[PlyCount "113"]
[EventDate "2012.02.02"]
[EventType "swiss"]
[EventRounds "9"]
[EventCountry "ESP"]
[SourceTitle "EXT 2024"]
[Source "ChessBase"]
[SourceDate "2023.10.10"]
[SourceVersion "1"]
[SourceVersionDate "2023.10.10"]
[SourceQuality "1"]

1. d4 d6 2. c4 Nf6 3. Nc3 Nbd7 4. Nf3 c6 5. e3 e5 6. dxe5 dxe5 7. a3 a5 8. e4 h6 9. Be3 Qc7 10. h3 Be7 11. Be2 0-0 12. Nh4 Rd8 13. Nf5 Bf8 14. Qc2 Nc5 15. Ng3 Be6 16. 0-0 Rd7 17. Rfd1 Rad8 18. Rxd7 Rxd7 19. Rd1 g6 20. Rxd7 Qxd7 21. b3 Qd8 22. b4 axb4 23. axb4 Na6 24. b5 cxb5 25. Nxb5 Qc8 26. Qc3 Nd7 27. Qc1 Kh7 28. Nf1 Ndc5 29. Nd2 Qc6 30. Nc3 f5 31. Qb1 f4 32. Bxc5 Bxc5 33. Nd5 h5 34. Nf3 Bxd5 35. exd5 Qc7 36. Nh4 Qb6 37. Qxb6 Bxb6 38. Bd3 Kh6 39. Nxg6 Nc5 40. Bc2 Bc7 41. Nh4 e4 42. Nf5+ Kg5 43. Nd4 Kf6 44. Kf1 Ke5 45. Nb5 Bb6 46. Ke2 h4 47. f3 e3 48. Bd3 Nb3 49. Kd1 Nc5 50. Be2 Nd7 51. Nc3 Kd4 52. Ne4 Bc7 53. Kc2 Ne5 54. Kb3 Nd3 55. Kc2 Ne1+ 56. Kd1 Nd3 57. Kc2 1/2-1/2